Statistics for NFL teams most sacks in a season

Click here to take the quiz!

General Stats

  • This quiz has been taken 47 times
    (33 since last reset)
  • The average score is 12 of 34

Answer Stats

HintSacksAnswer% Correct
HOU20.5J.J. Watt
97%
PIT22.5T.J. Watt
97%
LAR20.5Aaron Donald
90%
NYG22.5Michael Strahan
90%
PHI21Reggie White
80%
ARI19Chandler Jones
63%
SFF19.5Aldon Smith
60%
BUF19Bruce Smith
60%
DAL20DeMarcus Ware
57%
MIN22Jared Allen
57%
MIA18.5Jason Taylor
57%
DEN18.5Von Miller
53%
CLE16Myles Garrett
37%
IND19.5Robert Mathis
37%
JAX14.5Calais Campbell
30%
KCC22Justin Houston
30%
CAR15Kevin Greene
30%
TBB19.5Shaquil Barrett
30%
NYJ22Mark Gastineau
27%
CIN14Trey Hendrickson
27%
CHI18.5Robert Quinn
20%
NEP18.5Andre Tippett
17%
ATL16.5John Abraham
17%
Leslie O'Neal
13%
LAC17Shawne Merriman
13%
WFT18.5Dexter Manley
10%
Pat Swilling
10%
GBP19.5Tim Harris
10%
LVR16Derrick Burgess
3%
BAL17Elvis Dumervil
3%
SEA16.5Michael Sinclair
3%
DET15Robert Porcher
3%
NOS17La'Roi Grover
0%
TEN15William Fuller
0%

Score Distribution

Percentile by Number Answered

Percent of People with Each Score

Your Score History

You have not taken this quiz since the last reset